| 000 | 01116cam a2200217Ma 4500 | ||
|---|---|---|---|
| 082 |
_a551.098 _bBAR |
||
| 100 | 1 |
_aDarwin, Charles, _949882 |
|
| 245 | 1 | 0 |
_aOn the structure and distribution of Coral reefs _balso geological observations on the volcanic islands and parts of South America visited during the voyage of H.M.S. Beagle / _cby Charles Darwin ; and a critical introduction to each work by John W. Judd. |
| 260 |
_aLondon : _bWard, Lock, Bowden, & Co., _c[18--?] |
||
| 300 |
_a1 online resource ([2], xx, 549, [6] p., v leaves of plates (some folded)) : _bill., maps. |
||
| 490 | 1 | _aMinerva library of famous books | |
| 490 | 1 | _aNineteenth Century Collections Online (NCCO): Science, Technology, and Medicine: 1780-1925 | |
| 500 | _aIncludes index. | ||
| 500 | _aPublisher's advertising: [6] p., 4th count. | ||
| 500 | _aReproduction of the original from the Huntington Library. | ||
| 526 |
_a0 _b0 _c0 _d551_098000000000000_BAR |
||
| 650 | 0 |
_aCoral reefs and islands. _949883 |
|
| 700 | 1 |
_aJudd, John W. _949884 |
|
| 856 | 4 | 0 | _uhttp://www.columbia.edu/cgi-bin/cul/resolve?clio10759790 |
| 942 |
_2ddc _cBK |
||
| 999 |
_c552628 _d552628 |
||